00835cam a22002531 4500001001300000003000400013005001700017008004100034010001700075035001900092040002800111042001200139050002200151100003500173245009100208260002100299300004500320490006200365500008000427650001600507650001300523650002800536999001700564ca 09000053 DLC20260227111048.0781221s1901 nyua 000 0 eng  aca 09000053  a(OCoLC)4481273 aDLCcTxU-DadOCoLCdDLC apremarc00aQK1b.N515 no. 191 aRydberg, Per Axel,d1860-1931.14aThe American species of Limnorchis and Piperia, north of Mexico,cby Per Axel Rydberg. aNew York,c1901. acover-title, p. 605-643.billus.c24 cm.0 aContributions from the New York botanical garden.vno. 19 aReprinted from the Bulletin of the Torrey botanical club 28, 25 Nov., 1901. 0aLimnorchis. 0aPiperia. 0aOrchidszNorth America. c13859d13859